Les rélations de l'Église particulière avec les instituts de vie consacrée et les sociétés de vie apostolique

Saved in:  
Bibliographic Details
Main Author: Wroceński, Jozef (Author)
Format: Print Article
Language:French
Check availability: HBZ Gateway
Interlibrary Loan:Interlibrary Loan for the Fachinformationsdienste (Specialized Information Services in Germany)
Published: 2009
In: Commentarium pro religiosis et missionariis
Year: 2009, Volume: 90, Issue: 3/4, Pages: 235-255
Standardized Subjects / Keyword chains:B Religious life / Local church
IxTheo Classification:KCA Monasticism; religious orders
KDB Roman Catholic Church
RB Church office; congregation
SB Catholic Church law
Further subjects:B Religioseninstitut
B Apostolate
B Community of Apostolic Life
B Religious life
B Particular church

MARC

LEADER 00000caa a22000002c 4500
001 1646929950
003 DE-627
005 20220616130013.0
007 tu
008 160405s2009 xx ||||| 00| ||fre c
035 |a (DE-627)1646929950 
035 |a (DE-576)467594058 
035 |a (DE-599)BSZ467594058 
040 |a DE-627  |b ger  |c DE-627  |e rakwb 
041 |a fre 
084 |a 1  |2 ssgn 
100 1 |a Wroceński, Jozef  |4 aut 
245 1 4 |a Les rélations de l'Église particulière avec les instituts de vie consacrée et les sociétés de vie apostolique 
264 1 |c 2009 
336 |a Text  |b txt  |2 rdacontent 
337 |a ohne Hilfsmittel zu benutzen  |b n  |2 rdamedia 
338 |a Band  |b nc  |2 rdacarrier 
601 |a Institution 
601 |a Apostoliker 
650 0 7 |0 (DE-588)4043735-8  |0 (DE-627)10470473X  |0 (DE-576)209057262  |a Ordensleben  |2 gnd 
650 0 7 |0 (DE-588)4384818-7  |0 (DE-627)18746961X  |0 (DE-576)211652040  |a Gesellschaft des Apostolischen Lebens  |2 gnd 
650 0 7 |0 (DE-588)4140356-3  |0 (DE-627)104400056  |0 (DE-576)209702095  |a Teilkirche  |2 gnd 
650 0 7 |0 (DE-588)4142796-8  |0 (DE-627)105610429  |0 (DE-576)209721464  |a Apostolat  |2 gnd 
650 4 |a Religioseninstitut 
652 |a KCA:KDB:RB:SB 
689 0 0 |d s  |0 (DE-588)4043735-8  |0 (DE-627)10470473X  |0 (DE-576)209057262  |2 gnd  |a Ordensleben 
689 0 1 |d s  |0 (DE-588)4272483-1  |0 (DE-627)104494247  |0 (DE-576)210690372  |2 gnd  |a Ortskirche 
689 0 |5 (DE-627) 
773 0 8 |i In  |t Commentarium pro religiosis et missionariis  |d Roma : Ediurcla, 1935  |g 90(2009), 3/4, Seite 235-255  |w (DE-627)166754595  |w (DE-600)301642-0  |w (DE-576)015190935  |x 1124-0172  |7 nnas 
773 1 8 |g volume:90  |g year:2009  |g number:3/4  |g pages:235-255 
935 |a mteo  |a KALD 
951 |a AR 
CAN |a 1 
ELC |b 1 
ITA |a 1  |t 1 
LOK |0 000 xxxxxcx a22 zn 4500 
LOK |0 001 3320791516 
LOK |0 003 DE-627 
LOK |0 004 1646929950 
LOK |0 005 20160405162349 
LOK |0 008 160404||||||||||||||||ger||||||| 
LOK |0 040   |a DE-Tue135  |c DE-627  |d DE-Tue135 
LOK |0 092   |o n 
LOK |0 852   |a DE-Tue135 
LOK |0 852 1  |9 00 
LOK |0 935   |a ixzs  |a ixmi 
LOK |0 936ln  |0 1442049448  |a KCA 
LOK |0 936ln  |0 144205302X  |a RB 
LOK |0 936ln  |0 1442049839  |a KDB 
LOK |0 939   |a 04-04-16  |b l01 
LOK |0 000 xxxxxcx a22 zn 4500 
LOK |0 001 3320791532 
LOK |0 003 DE-627 
LOK |0 004 1646929950 
LOK |0 005 20191031142819 
LOK |0 008 190311||||||||||||||||ger||||||| 
LOK |0 035   |a (DE-Tue135-1)196338 
LOK |0 040   |a DE-Tue135-1  |c DE-627  |d DE-Tue135-1 
LOK |0 852   |a DE-Tue135-1 
LOK |0 852 1  |c FTHKR097808/90/WIJ  |m p  |9 00 
LOK |0 852 2  |b FTH Z5-119  |9 00 
LOK |0 935   |a iZSA 
LOK |0 936ln  |0 1442053313  |a SB 
LOK |0 938   |k p 
LOK |0 939   |a 11-03-19  |b l01 
ORI |a SA-MARC-ixtheoa001.raw 
STA 0 0 |a Apostolate,Christian apostolate,Community of Apostolic Life,Society of Apostolic Life,Local church,Particular church,Religious life,Religious life,Monastic life,Order life 
STB 0 0 |a Apostolat,Société de vie apostolique,Vie consacrée,Vie consacrée,Église locale,Église particulière,Église locale,Église locale 
STC 0 0 |a Apostolado,Iglesia local,Sociedad de vida apostólica,Vida religiosa,Vida religiosa 
STD 0 0 |a Apostolato,Chiesa locale,Chiesa parziale,Chiesa particolare,Chiesa particolare,Società di vita apostolica,Vita consacrata,Vita consacrata 
STE 0 0 |a 个别教会,地区教会,使徒生活团,使徒职份,使徒职务,修道院生活,修道院生活,修会生活,修会生活,地方教会 
STF 0 0 |a 使徒生活團,使徒職份,使徒職務,修道院生活,修道院生活,修會生活,修會生活,個別教會,地區教會,地方教會 
STG 0 0 |a Apostolado,Igreja local,Sociedade de vida apostólica,Vida religiosa,Vida religiosa 
STH 0 0 |a Апостолат,Жизнь в монашеском ордене (мотив),Жизнь в монашеском ордене,Местная церковь,Общество апостольской жизни,Партикулярная церковь 
STI 0 0 |a Αποστολάτο,Εκκλησία ιδίου δικαίου,Θρησκευτική ζωή (μοτίβο),Θρησκευτική ζωή,Κοινωνία της Αποστολικής Ζωής,Τοπική εκκλησία 
SUB |a CAN 
SYE 0 0 |a Klosterleben,Vita consecrata,Vita consacrata,Geweihtes Leben , Gesellschaft apostolischen Lebens,Societas vitae apostolicae , Teilkirchen,Ecclesia particularis,Partikularkirche , Christliches Apostolat 
SYG 0 0 |a Klosterleben,Vita consecrata,Vita consacrata,Geweihtes Leben , Ortskirchen